00267nam a2200109Ia 4500008004100000041001200041082001100053100001900064245006200083260000600145650000600151221030s9999 xx 000 0 und d aEnglish a105.23 aK. K. Aggarwal 0aControl System and Analysis and Desigscby K. K. Aggarwal c0 aB